It looks like you're offline.
Open Library logo
additional options menu

MARC record from Internet Archive

LEADER: 01382cam 2200385 a 4500
001 ocm36727930
003 OCoLC
005 20100929181911.0
008 970403s1997 nyuab j 001 0 eng
010 $a 97015230
040 $aDLC$cDLC$dBAKER$dBTCTA$dYDXCP$dOCLCG
020 $a0872264904
020 $a9780872264908
035 $a(OCoLC)36727930
043 $af------
050 00 $aDT3$b.M43 1997
082 00 $a960$221
100 1 $aMartell, Hazel.
245 10 $aExploring Africa /$cHazel Mary Martell, Gerald Wood.
260 $aNew York :$bP. Bedrick Books,$c1997.
300 $a48 p. :$bcol. ill., col maps ;$c29 cm.
440 0 $aVoyages of discovery
500 $aIncludes index.
651 0 $aAfrica$xDiscovery and exploration$xJuvenile literature.
700 1 $aWood, Gerald,$d1938-
856 42 $3Publisher description$uhttp://www.loc.gov/catdir/description/mh031/97015230.html
938 $aBaker & Taylor$bBKTY$c18.95$d18.95$i0872264904$n0002963689$sactive
938 $aBaker and Taylor$bBTCP$n97015230
938 $aYBP Library Services$bYANK$n1490912
952 $a36727930$zDLC$bLIBRARY OF CONGRESS$dURI$hFull$iLCC$kDDC$u20080618
952 $a369359486$zUBY$bBRIGHAM YOUNG UNIV LIBR$hFull$iLCC$kDDC$qJcat$u20100713
029 1 $aNZ1$b4205617
029 1 $aAU@$b000013159011
994 $aZ0$bPMR
948 $hNO HOLDINGS IN PMR - 336 OTHER HOLDINGS